Online
Catalog

Interacción humana en la educación / (Record no. 23162)

MARC details
000 -CABECERA
campo de control de longitud fija 00976nam a2200277 a 4500
001 - NÚMERO DE CONTROL
campo de control 000023666
005 - FECHA Y HORA DE LA ÚLTIMA TRANSACCIÓN
campo de control 20200930022401.0
008 - DATOS DE LONGITUD FIJA--INFORMACIÓN GENERAL
campo de control de longitud fija 101217s1981 mx 000 0 spa d
020 ## - NÚMERO INTERNACIONAL ESTÁNDAR DEL LIBRO
Número Internacional Estándar del Libro 9681305612
020 ## - NÚMERO INTERNACIONAL ESTÁNDAR DEL LIBRO
Número Internacional Estándar del Libro 9681305612
040 ## - FUENTE DE LA CATALOGACIÓN
Centro catalogador/agencia de origen DO-SdBNP
Lengua de catalogación spa
Centro/agencia transcriptor BNPHU
041 17 - CÓDIGO DE LENGUA
Código de lengua del texto/banda sonora o título independiente spa
Código de lengua original eng
Fuente del código Código de idiomas MARC
082 ## - NÚMERO DE LA CLASIFICACIÓN DECIMAL DEWEY
Número de clasificación 370.102
Número de documento/Ítem S785i
049 ## - FONDOS LOCALES (OCLC)
Fondos de biblioteca BNGR
100 1# - ENTRADA PRINCIPAL--NOMBRE DE PERSONA
Nombre de persona Stanford, Gene.
9 (RLIN) 48754
240 10 - TÍTULO UNIFORME
Título uniforme Human interaction in education.
Lenguaje de la obra Español
245 10 - MENCIÓN DE TÍTULO
Título Interacción humana en la educación /
Mención de responsabilidad, etc. Gene Stanford y Albert E. Roark ; traducción Xavier Ochoa Álvarez.
260 ## - PUBLICACIÓN, DISTRIBUCIÓN, ETC.
Lugar de publicación, distribución, etc. México, D. F. :
Nombre del editor, distribuidor, etc. Diana,
Fecha de publicación, distribución, etc. 1981.
300 ## - DESCRIPCIÓN FÍSICA
Extensión 350 p. ;
Dimensiones 22 cm.
534 ## - NOTA SOBRE LA VERSIÓN ORIGINAL
Encabezamiento principal del original Título original :
Mención de título del original Human interaction in education
505 0# - NOTA DE CONTENIDO CON FORMATO
Nota de contenido con formato Incluye índice.
650 #4 - PUNTO DE ACCESO ADICIONAL DE MATERIA--TÉRMINO DE MATERIA
Término de materia o nombre geográfico como elemento de entrada Análisis del proceso de integración en educación
9 (RLIN) 48755
650 #4 - PUNTO DE ACCESO ADICIONAL DE MATERIA--TÉRMINO DE MATERIA
Término de materia o nombre geográfico como elemento de entrada Trabajo en grupos (educación)
9 (RLIN) 48756
700 1# - PUNTO DE ACCESO ADICIONAL--NOMBRE DE PERSONA
Nombre de persona Roark, Albert E.
9 (RLIN) 48757
700 1# - PUNTO DE ACCESO ADICIONAL--NOMBRE DE PERSONA
Nombre de persona Ochoa Álvarez, Xavier,
Término indicativo de función/relación tr.
9 (RLIN) 48758

No items available.

Powered by Koha